| 000 | 00811nam a2200301 a 4500 | ||
|---|---|---|---|
| 003 | AR-BaBNM | ||
| 005 | 20251128203505.0 | ||
| 008 | 082120s2002 ||||||||||||||000 | spa|| | ||
| 040 | _cAR-BaBNM | ||
| 100 | 1 | _aVellard, Jehan Albert | |
| 245 | 0 | 0 | _aEl hombre y los Andes |
| 250 | _a1ª ed. | ||
| 260 |
_aBuenos Aires _bEdiciones Culturales Argentinas _c1981 |
||
| 300 | _a223 p. | ||
| 500 | _aContiene explicación de algunas palabras y nombres geográficos p. 215-216 | ||
| 650 | 4 | _aGEOGRAFIA FISICA | |
| 650 | 4 | _aRELIGION | |
| 650 | 4 | _aANTROPOLOGIA | |
| 650 | 4 | _aETNOLOGIA | |
| 650 | 4 | _aPOBLACIONES ABORIGENES | |
| 650 | 4 | _aDENSIDAD DE POBLACION | |
| 650 | 4 | _aDINAMICA DE LA POBLACION | |
| 650 | 4 | _aMEDICINA | |
| 650 | 4 | _aMAGIA | |
| 650 | 4 | _aMITOLOGIA | |
| 942 | _cBK | ||
| 998 | _cmariana | ||
| 999 |
_c3628 _d3628 |
||